The Hunger Games Movie Quiz Stats

 Plays Quiz not verified by Sporcle

Challenge
Share
Tweet
Embed
Score 0/14 Timer 10:00
0 Plays Today
Question Answer % Correct
Who originally gets picked for the girls?Primrose Everdeen
96.3%
Who is the leader of Panem?President Snow
93.8%
Who picks the names at the reaping?Effie Trinket
93.6%
Who is Katniss and Peeta's stylist?Cinna
82.2%
Who is the District 12 mentour?Haymitch
82.1%
What does Katniss score from the gamemakers?11
80.4%
What is Katniss's nickname during the games?The Girl on Fire
79.4%
Question Answer % Correct
How old is Katniss?16
78.9%
Does this take place in the past or future?future
77.7%
How do Katniss and Peeta get to the Capitol?train
73.5%
Who is the author of the trilogy?Suzanne Collins
67.8%
Who is the head gamemaker?Seneca Crane
62%
How does Katniss know Peeta?He gave her the burnt bread for her family?
4.2%
How does Katniss kill Cato?She shoots his hand
3.2%

You're not logged in!

Compare scores with friends on all Sporcle quizzes.
Join for Free
OR
Log In

You Might Also Like...

Show Comments

Extras

Created Mar 29, 2012ReportNominate
Tags:Movie Titles Quiz, hunger

Top Quizzes Today


Score Distribution

Your Account Isn't Verified!

In order to create a playlist on Sporcle, you need to verify the email address you used during registration. Go to your Sporcle Settings to finish the process.

Report this User

Report this user for behavior that violates our Community Guidelines.

Details: